Central Library OPAC University of Rajshahi

The pageant of America (Record no. 28870)

MARC details
000 -LEADER
fixed length control field 00956nam a2200277 a 4500
001 - CONTROL NUMBER
control field 28870
003 - CONTROL NUMBER IDENTIFIER
rucl marc code BD-RjUL
005 - DATE AND TIME OF LATEST TRANSACTION
control field 20211209051336.0
008 - FIXED-LENGTH DATA ELEMENTS--GENERAL INFORMATION
fixed length control field 140401s1926 ctua 001 0 eng d
035 ## - SYSTEM CONTROL NUMBER
System control number (BD-RjUL)28954
040 ## - CATALOGING SOURCE
Original cataloging agency IQW
Transcribing agency IQW
Modifying agency OCL
-- BD-RjUL
Language of cataloging eng
041 ## - LANGUAGE CODE
Language code of text/sound track or separate title eng
082 ## - DEWEY DECIMAL CLASSIFICATION NUMBER
Classification number 973
Author mark and year HAP V-13 1926
090 ## - LOCALLY ASSIGNED LC-TYPE CALL NUMBER (OCLC); LOCAL CALL NUMBER (OCLC)
Classification number (OCLC) (R) ; Classification number, CALL (RLIN) (NR) E178.5
Local cutter number (OCLC) ; Book number/undivided call number, CALL (RLIN) .P22 v.13
100 1# - MAIN ENTRY--PERSONAL NAME
Personal name Hamlin , Talbot Faulkner
Dates associated with a name 1889-1956.
9 (RLIN) 88268
245 14 - TITLE STATEMENT
Title The pageant of America
Statement of responsibility, etc. by Talbot Faulkner Hamlin
Remainder of title a pictorial history of the United States /
Number of part/section of a work VOL 13.
Name of part/section of a work American spirit in architecture.
250 ## - EDITION STATEMENT
Edition statement Washington ed
260 ## - PUBLICATION, DISTRIBUTION, ETC. (IMPRINT)
Place of publication, distribution, etc. New Haven :
Name of publisher, distributor, etc. Yale University Press ;
Place of publication, distribution, etc. Oxford University Press :
Name of publisher, distributor, etc. London,
Date of publication, distribution, etc. 1926
300 ## - PHYSICAL DESCRIPTION
Pagination 353 p. :
Illustrations ill. (part col.) ;
Size 26 cm
490 1# - SERIES STATEMENT
Series statement Pageant of America ;
Volume/sequential designation v. 13
504 ## - BIBLIOGRAPHY, ETC. NOTE
Bibliography, etc Includes index
650 #0 - SUBJECT ADDED ENTRY--TOPICAL TERM
Topical term or geographic name as entry element Architecture
Geographic subdivision United States
9 (RLIN) 88269
830 #0 - SERIES ADDED ENTRY--UNIFORM TITLE
Volume number/sequential designation v. 13
Uniform title Pageant of America ;
942 ## - ADDED ENTRY ELEMENTS (KOHA)
Source of classification or shelving scheme Dewey Decimal Classification
Koha item type Books
Holdings
Lost status Source of classification or shelving scheme Damaged status Not for loan Collection code Permanent Location Current Location Shelving location Date acquired Source of acquisition Total Checkouts Full call number Date last seen Copy number Koha item type
  Dewey Decimal Classification   Added to bundle Non-fiction Central Library, University of Rajshahi Central Library, University of Rajshahi Reading Room 25/02/1958 u.s.i.s   973 HAP V-13 1926 01/04/2014 C-1 Books